Теоретические основы современного качественного анализа

Մատենագիտական մանրամասներ
Հիմնական հեղինակ: Ляликов Ю. С. Юрий Сергеевич
Այլ հեղինակներ: Клячко Ю. А. Юрий Аркадьевич
Ամփոփում:На английском языке
Լեզու:անգլերեն
Հրապարակվել է: Москва, Мир, 1980
Խորագրեր:
Ձևաչափ: MixedMaterials Գիրք
KOHA link:https://koha.lib.tpu.ru/cgi-bin/koha/opac-detail.pl?biblionumber=370166

MARC

LEADER 00000nam0a2200000 4500
001 370166
005 20231102012244.0
035 |a (RuTPU)RU\TPU\retro\27574 
035 |a RU\TPU\book\48055 
090 |a 370166 
100 |a 20220621d1980 k y0rusy50 ca 
101 1 |a eng  |c rus 
102 |a RU 
105 |a a z 001zy 
200 1 |a Теоретические основы современного качественного анализа  |d Theoretical Foundations of Modern Chemical Analysis  |f Ю. С. Ляликов, Ю. А. Клячко 
210 |a Москва  |c Мир  |d 1980 
215 |a 332 с.  |c ил. 
300 |a На английском языке 
320 |9 572  |a Предм. указ.: с. 323-332 
454 1 |0 (RuTPU)RU\TPU\book\48055  |t Теоретические основы современного качественного анализа  |f Ю. С. Ляликов, Ю. А. Клячко  |g Под ред. Ю. А. Клячко  |c Москва  |n Химия  |d 1978  |p 312 с.  |a Ляликов, Юрий Сергеевич 
510 1 |a Theoretical Foundations of Modern Chemical Analysis  |z eng 
606 1 |a Качественный анализ  |2 stltpush  |3 (RuTPU)RU\TPU\subj\14163  |9 40626 
610 1 |a аналитическая химия 
610 1 |a химические элементы 
610 1 |a аналитические свойства 
610 1 |a осадки 
610 1 |a получение 
610 1 |a растворимость 
610 1 |a атомы 
610 1 |a ионы 
610 1 |a молекулы 
610 1 |a реакции 
610 1 |a природные материалы 
610 1 |a промышленные материалы 
610 1 |a исследование 
610 1 |a английский язык 
675 |a 543.061  |v 3 
700 1 |a Ляликов  |b Ю. С.  |c химик-аналитик, академик АН Молдавской ССР  |f 1909-1976  |g Юрий Сергеевич  |2 stltpush  |3 (RuTPU)RU\TPU\pers\47208  |9 22788 
701 1 |a Клячко  |b Ю. А.  |g Юрий Аркадьевич 
801 1 |a RU  |b 63413507  |c 20021220  |g PSBO 
801 2 |a RU  |b 63413507  |c 20221006  |g PSBO 
942 |c BK